| 000 | 00510nam a2200169 4500 | ||
|---|---|---|---|
| 001 | 145324 | ||
| 003 | ES-MaACL | ||
| 005 | 20230906201216.0 | ||
| 007 | t| | ||
| 008 | 070214s1966 sp r ||||1| spa d | ||
| 100 | 1 |
_aSpannhof, Ludwig. _9107639 |
|
| 245 | 1 | 0 |
_aHistoquímica práctica / _cLudwig Spannhof ; traducción de Marisol Sacristán. |
| 260 |
_aZaragoza : _bAcribia, _c1966. |
||
| 300 |
_a195 p. : _bil. ; _c22 cm. |
||
| 700 | 1 |
_aSacristán, Marisol. _9101270 |
|
| 852 |
_aES-MaACL _jC-29704 _bR.60094 |
||
| 999 |
_c145324 _d145324 |
||